000 00441nam a22001577a 4500
020 _a978-81-8388-700-7
082 _a823
_bSTE/J
100 _aSTEVENSON/ ROBERT LOUS
245 _aDR.JEKYLL AND MR. HYDE
_bSPIDER JUNIOR CLASSICS
246 _aDR.JEKYLL AND MR. HYDE
_bSPIDER JUNIOR CLASSICS
260 _aCHENNAI
_bSPIDER BOOKS
_c2017
300 _a32
520 _aSPIDER JUNIOR CLASSICS
650 _aSPIDER JUNIOR CLASSICS
942 _cBK
999 _c2213
_d2213